000 00319nam a22001337a 4500
020 _a978-0582526105
041 _aENG
100 _aFlood W.E
245 _aAn elementary Scientific And Technical Dictionary
260 _aDelhi
_bUBS
_c1999
300 _a413
650 _aCompetitive Exam
856 _uCompetitive Exam
999 _c690
_d690